Introduction to numerical methods for time dependent defferentral equations (Record no. 13326)

MARC details
000 -LEADER
fixed length control field 01052nam a2200325Ia 4500
003 - CONTROL NUMBER IDENTIFIER
control field OSt
005 - DATE AND TIME OF LATEST TRANSACTION
control field 20220912144613.0
008 - FIXED-LENGTH DATA ELEMENTS--GENERAL INFORMATION
fixed length control field 220909b |||||||| |||| 00| 0 eng d
020 ## - INTERNATIONAL STANDARD BOOK NUMBER
International Standard Book Number 9781118838952 (hbk)
020 ## - INTERNATIONAL STANDARD BOOK NUMBER
International Standard Book Number SL01562578
037 ## - SOURCE OF ACQUISITION
Terms of availability Textbook
040 ## - CATALOGING SOURCE
Original cataloging agency CSL
Language of cataloging eng
Transcribing agency CSL
041 ## - LANGUAGE CODE
Language code of text/sound track or separate title eng
100 ## - MAIN ENTRY--PERSONAL NAME
Personal name Kreiss Heinz-Otto; ORtiz Omar Eduardo
245 #0 - TITLE STATEMENT
Title Introduction to numerical methods for time dependent defferentral equations
260 ## - PUBLICATION, DISTRIBUTION, ETC.
Place of publication, distribution, etc. New Jersey
Name of publisher, distributor, etc. John Wiley
Date of publication, distribution, etc. 2014
300 ## - PHYSICAL DESCRIPTION
Extent xiii, 176p. ill.
500 ## - GENERAL NOTE
General note References 173-174p.; Index 175-176p.
650 ## - SUBJECT ADDED ENTRY--TOPICAL TERM
Topical term or geographic name entry element Differential equation
650 ## - SUBJECT ADDED ENTRY--TOPICAL TERM
Topical term or geographic name entry element Scalar eductions
650 ## - SUBJECT ADDED ENTRY--TOPICAL TERM
Topical term or geographic name entry element Implicit euler methods
700 ## - ADDED ENTRY--PERSONAL NAME
Personal name Kreiss Heinz-Otto; ORtiz Omar Eduardo
942 ## - ADDED ENTRY ELEMENTS (KOHA)
Classification part B33:1, Q4 TB
Koha item type Textbook
Source of classification or shelving scheme Colon Classification (CC)
Holdings
Withdrawn status Lost status Damaged status Not for loan Home library Current library Date acquired Source of acquisition Total Checkouts Full call number Barcode Date last seen Price effective from Koha item type
        Central Science Library Central Science Library 2022-09-12 1450, 04/02/2015, Total Books India   B33:1 Q4 TB SL1562578 2022-09-12 2022-09-12 Textbook
Copyright @ Delhi University Library System